Statistics for All Swappable Skylanders

Click here to take the quiz!

General Stats

  • This quiz has been taken 39 times
  • The average score is 16 of 30

Answer Stats

HintAnswer% Correct
WaterWash Buckler
89%
WaterFreeze Blade
79%
LifeStink Bomb
79%
LifeGrilla Drilla
75%
MagicHoot Loop
75%
FireBlast Zone
71%
EarthDoom Stone
71%
EarthRubble Rouser
71%
FireFire Kraken
68%
Water (Variant)Dark Wash Buckler
64%
AirBoom Jet
61%
TechMagna Charge
61%
Water (Variant)Nitro Freeze Blade
61%
MagicTrap Shadow
61%
UndeadNight Shift
57%
UndeadRattle Shake
57%
TechSpy Rise
57%
Fire (Variant)Dark Blast Zone
50%
AirFree Ranger
50%
Fire (Variant)Jade Fire Kraken
43%
Magic (Variant)Enchanted Hoot Loop
39%
Tech (Variant)Nitro Magna Charge
39%
Undead (Variant)Legendary Night Shift
36%
Air (Variant)Legendary Free Ranger
32%
Water (Chase Variant)Gold Wash Buckler
29%
Undead (Variant)Quick Draw Rattle Shake
25%
Earth (Chase variant)Gold and Bronze Doom Stone
18%
Life (Chase variant)Silver and Gold Stink Bomb
18%
Magic (Chase variant)Bronze and Silver Trap Shadow
14%
Fire (Chase variant)Gold Fire Kraken
14%

Score Distribution

Percentile by Number Answered

Percent of People with Each Score

Your Score History

You have not taken this quiz